Statistics for Pokemon Multiple Choice - Poison type

Click here to take the quiz!

General Stats

  • This quiz has been taken 14 times
  • The average score is 4 of 10

Answer Stats

QuestionAnswer% Correct
Caught by AshMuk
75%
Weak to ElectricToxapex
75%
The tallestToxitricity
67%
Evolves from its previous form at the lowest levelAriados
58%
Can have the ability Sticky HoldMuk
50%
Can learn Night Shade via level upAriados
33%
The shortestToxapex
25%
The fastestToxicroak
17%
The lightestToxapex
8%
The heaviestToxicroak
0%

Score Distribution

Percentile by Number Answered

Percent of People with Each Score

Your Score History

You have not taken this quiz